000 00387nam a2200145Ia 4500
008 230917s9999||||xx |||||||||||||| ||und||
040 _e46502
_aMAIN
041 _aEnglish
082 _a821.8 Y34S:Y
100 _aShah, Ramesh Chandra
245 0 _aYeats and Eliot: Perspective on India
260 _aNew Delhi
_bAssociated Publishing House
_c1983
300 _aix, 174 p.
942 _cBK
999 _c42125
_d42125